Ecotourism and the community participation (Record no. 889)

MARC details
000 -LEADER
fixed length control field 00818 a2200205 4500
008 - FIXED-LENGTH DATA ELEMENTS--GENERAL INFORMATION
fixed length control field 080821t xxu||||| |||| 00| 0 eng d
010 ## - LIBRARY OF CONGRESS CONTROL NUMBER
LC control number ENG-85014
020 ## - INTERNATIONAL STANDARD BOOK NUMBER
International Standard Book Number 8172733445
Terms of availability 475.00
035 ## - SYSTEM CONTROL NUMBER
System control number EN-68547
037 ## - SOURCE OF ACQUISITION
Source of stock number/acquisition D.B.Act / Pub
082 ## - DEWEY DECIMAL CLASSIFICATION NUMBER
Classification number 338.4791
100 ## - MAIN ENTRY--PERSONAL NAME
Personal name Mallya, Abhilash
9 (RLIN) 55
245 ## - TITLE STATEMENT
Title Ecotourism and the community participation
Statement of responsibility, etc by Abhilesah Mallya
260 ## - PUBLICATION, DISTRIBUTION, ETC. (IMPRINT)
Place of publication, distribution, etc Delhi
Name of publisher, distributor, etc Authorspress
Date of publication, distribution, etc 2006
270 ## - ADDRESS
Address E-35/103, Jawahar Park, Laxmi Nagar,
City Delhi
State or province Delhi
Postal code 110092
300 ## - PHYSICAL DESCRIPTION
Extent xi, 199 p
Dimensions 22 cm. (Hb)
500 ## - GENERAL NOTE
General note Includes bibliographical references and index
942 ## - ADDED ENTRY ELEMENTS (KOHA)
Institution code [OBSOLETE] dpl
Koha item type English Books
Call number prefix 338.4791 / MAL
Source of classification or shelving scheme Dewey Decimal Classification
Classification part 338.4791
Call number suffix MAL
Holdings
Withdrawn status Lost status Damaged status Not for loan Home library Current library Date acquired Cost, normal purchase price Total Checkouts Full call number Barcode Date last seen Copy number Uniform Resource Identifier Cost, replacement price Price effective from Koha item type
        D.B.Act.Division D.B.Act.Division 21/08/2008 475.00   338.4791 MAL EN-68547 15/09/2008 1 951 475.00 15/09/2008 English Books

© Delhi Public Library
Hit Counter
free hit counter